[Event "HUN-chT2 Charousek 1819"]
[Site "Hungary"]
[Date "2018.11.18"]
[Round "4.12"]
[White "Hatzi, Evelin"]
[Black "Koloditsova, Renata"]
[Result "0-1"]
[WhiteElo "1298"]
[BlackElo "1919"]
[PlyCount "118"]
[EventDate "2018.09.23"]
[EventType "team-tourn"]
[EventRounds "11"]
[EventCountry "HUN"]
[SourceTitle "CBM 189 Extra"]
[Source "ChessBase"]
[SourceDate "2019.06.03"]
[SourceVersion "1"]
[SourceVersionDate "2019.06.03"]
[SourceQuality "1"]
[WhiteTeam "Gyor Szechenyi"]
[BlackTeam "Haladas Szombathely II"]
[WhiteTeamCountry "HUN"]
[BlackTeamCountry "HUN"]

1. d4 d5 2. Nf3 c6 3. Bf4 Nf6 4. h3 Bf5 5. e3 e6 6. Be2 Bd6 7. Ne5 0-0 8. Nd2 c5 9. 0-0 Nc6 10. c3 Qe7 11. Nb3 Rac8 12. Nxc6 bxc6 13. Bxd6 Qxd6 14. Nxc5 Rb8 15. b4 e5 16. Qa4 Rfe8 17. b5 cxb5 18. Bxb5 Rec8 19. Rfe1 Ne4 20. Nxe4 Bxe4 21. f3 Bf5 22. Rac1 Rc7 23. dxe5 Qxe5 24. c4 Bd3 25. Ba6 dxc4 26. Bxc4 Rbc8 27. Bxf7+ Kxf7 28. Rxc7+ Rxc7 29. Qb3+ Bc4 30. Qa3 Qc5 31. Qxc5 Rxc5 32. a4 Bb3 33. Rb1 Rc3 34. e4 a5 35. Kf2 Bxa4 36. Rb7+ Kg6 37. Ra7 Rc5 38. Ke2 Rc2+ 39. Ke3 Rxg2 40. Rxa5 Bd7 41. Kf4 Bxh3 42. Ra6+ Kh5 43. e5 Re2 44. Kg3 Bf5 45. Ra7 g5 46. f4 Re3+ 47. Kf2 gxf4 48. Ra8 Bg6 49. Rf8 Rxe5 50. Rxf4 Rf5 51. Rxf5+ Bxf5 52. Kg3 Kg5 53. Kh2 Kf4 54. Kg2 h5 55. Kh2 Kf3 56. Kg1 Kg3 57. Kh1 Be4+ 58. Kg1 h4 59. Kf1 h3 0-1

[Event "Gyor Amateur op 11th"]
[Site "Gyor"]
[Date "2018.01.06"]
[Round "1"]
[White "Hatzi, Evelin"]
[Black "Farkas, Virag"]
[Result "1-0"]
[WhiteElo "1318"]
[BlackElo "1031"]
[PlyCount "59"]
[EventDate "2018.01.06"]
[EventType "swiss"]
[EventRounds "6"]
[EventCountry "HUN"]
[SourceTitle "EXT 2019"]
[Source "ChessBase"]
[SourceDate "2018.10.10"]
[SourceVersion "1"]
[SourceVersionDate "2018.10.10"]
[SourceQuality "1"]

1. d4 Nf6 2. Nf3 d6 3. e3 Bg4 4. Bd3 e5 5. dxe5 Nfd7 6. exd6 Bxd6 7. Nc3 0-0 8. b3 Ne5 9. Bb2 Nxf3+ 10. gxf3 Bh5 11. Qe2 Nc6 12. 0-0-0 Re8 13. Rdg1 Nd4 14. Bxh7+ Kh8 15. Qd3 Nxf3 16. Rg2 Ne5 17. Qd4 c5 18. Qa4 Bf3 19. Be4 Bxe4 20. Nxe4 a6 21. Nxd6 Qxd6 22. Rhg1 b5 23. Qh4+ Qh6 24. Qe4 f6 25. f4 Nf7 26. Qg6 Qxg6 27. Rxg6 Rxe3 28. Rxg7 Nh6 29. Bxf6 Rae8 30. Ra7# 1-0